000 00394nam a2200133 i 4500
001 bg
245 0 _aPamięci półprzewodnikowe scalone :
_btłum. z ang.
260 _aWarszawa,
_c1975.
040 _cBPK
041 _apol
942 _cKS
008 s pl f |000 0 pol
856 _uhttp://koha.tu.koszalin.pl/cgi-bin/koha/opac-detail.pl?biblionumber=16221
_yKatalog online BPK
999 _c16221
_d16221